00341nam a2200145Ia 4500008004000000041000800040082001200048100001400060245003500074260003900109650001000148650001100158650001800169650000800187210210b1877 xxu||||| |||| 00| 0 eng d aeng a829/241 aDEFOE (D) aNovels and miscellaneous works aLondonbGeorge Bell and Sonsc1877 aworks aNovels amiscellaneous aand